| 000 | 00653cam a22002413a 4500 | ||
|---|---|---|---|
| 001 | 32498 | ||
| 003 | PGUSA | ||
| 005 | 20140828083714.0 | ||
| 008 | 100523s2010||||xxu|||||s|||||000 1 eng d | ||
| 040 |
_aPGUSA _beng |
||
| 042 | _adc | ||
| 050 | 4 | _aPS | |
| 100 | 1 | _aBlade, Alexander | |
| 245 | 1 | 4 |
_aThe Brain _h[electronic resource] / _cAlexander Blade |
| 260 |
_bProject Gutenberg, _c2010 |
||
| 506 | _aPublic domain in the USA. | ||
| 516 | _aElectronic text | ||
| 653 | _aArtificial intelligence -- Fiction | ||
| 653 | _aScience fiction | ||
| 830 | 0 |
_aProject Gutenberg _v32498 |
|
| 856 | 4 | 0 | _uhttp://www.gutenberg.org/ebooks/32498 |
| 942 | _cEB | ||
| 999 |
_c261753 _d261753 |
||